| 000 | 00408nam a2200169Ia 4500 | ||
|---|---|---|---|
| 003 | LK-CoDNM | ||
| 008 | 010623t1987 xxu||||| |||| 00| 1 sin d | ||
| 040 |
_aLK-CoDNM _dLK-CoDNM _eLK-CoDNM |
||
| 041 | _asin | ||
| 080 | _a8S-1SEV | ||
| 245 | _aසෙවන රුවන | ||
| 246 | _aSevana Ruwana | ||
| 260 |
_b _c1987 |
||
| 300 | _b103p., 18 cm | ||
| 700 |
_aAbeysekara, Chitrananda _eed. |
||
| 942 | _cBK | ||
| 999 |
_c113816 _d113816 |
||